| 000 | 00000nam 2200000za 4500 |
| 001 | 9.697728 |
| 003 | CaOODSP |
| 005 | 20250506145324 |
| 007 | cr ||||||||||| |
| 008 | 150407|1954||||xxc|||||o f|0| 0 eng d |
| 040 | |aCaOODSP|beng |
| 043 | |an-cn--- |
| 086 | 1 |aA22-575/1951E-PDF |
| 110 | 1 |aCanada.|bAgriculture Canada. |
| 245 | 10|aFarm weeds : |h[electronic resource] |billustrated in colour / |c[illustrated by] Norman Criddle. |
| 260 | |aOttawa : |bAgriculture Canada |c1951. |
| 300 | |a152p.|bcoloured plates |
| 500 | |aHistorical publication digitized by Agriculture and Agri-Food Canada. "Reprinted from the book Farm Weeds of Canada"--p. 1 of 152. |
| 590 | |a13-17-Supp|b2013-07-25 |
| 690 | 07|aCrops|2gcpds |
| 690 | 07|aFarming|2gcpds |
| 690 | 07|aWeeds|2gcpds |
| 856 | 40|ahttp://publications.gc.ca|qPDF|s37.57 MB|uhttps://publications.gc.ca/collections/collection_2013/aac-aafc/agrhist/A22-575-1951-eng.pdf |